[Event "AUS-ch reserves"]
[Site "Melbourne"]
[Date "2002.01.09"]
[Round "11"]
[White "Truong, Lance"]
[Black "Haddock, Larry"]
[Result "0-1"]
[WhiteElo "1300"]
[BlackElo "1394"]
[PlyCount "70"]
[EventDate "2001.12.28"]
[EventType "swiss"]
[EventRounds "11"]
[EventCountry "AUS"]
[SourceTitle "EXT 2003"]
[Source "ChessBase"]
[SourceDate "2002.11.25"]
[SourceVersion "1"]
[SourceVersionDate "2002.11.25"]
[SourceQuality "1"]

1. d4 Nf6 2. Nf3 g6 3. c4 Bg7 4. Nc3 0-0 5. e4 d6 6. Be2 c5 7. 0-0 cxd4 8. Nxd4 Nc6 9. Be3 Bd7 10. Qd2 Re8 11. Kh1 Ng4 12. Bxg4 Bxg4 13. f3 Bd7 14. Nd5 e6 15. Nc3 Ne5 16. b3 a6 17. Rfd1 f5 18. Nde2 Nf7 19. Rac1 Bc6 20. exf5 exf5 21. Bf4 Be5 22. Nd5 Bxd5 23. Qxd5 Qc7 24. Rd2 Qe7 25. g3 Rac8 26. Rcd1 Rc5 27. Qd3 Rec8 28. Be3 R5c6 29. Nf4 Bxf4 30. Bxf4 Re8 31. Qc3 g5 32. Bxd6 Rxd6 33. Rxd6 Nxd6 34. Qd4 Nf7 35. Qd5 Rd8 0-1

[Event "AUS-ch reserves"]
[Site "Melbourne"]
[Date "2001.12.31"]
[Round "4"]
[White "Haddock, Larry"]
[Black "Murphy, Peter"]
[Result "1-0"]
[WhiteElo "1394"]
[BlackElo "1230"]
[PlyCount "65"]
[EventDate "2001.12.28"]
[EventType "swiss"]
[EventRounds "11"]
[EventCountry "AUS"]
[SourceTitle "EXT 2003"]
[Source "ChessBase"]
[SourceDate "2002.11.25"]
[SourceVersion "1"]
[SourceVersionDate "2002.11.25"]
[SourceQuality "1"]

1. d4 Nf6 2. c4 c5 3. d5 b5 4. Bg5 d6 5. Bxf6 gxf6 6. e4 bxc4 7. Bxc4 Bg7 8. Nc3 f5 9. Bd3 Qa5 10. Nge2 f4 11. Qc2 Be5 12. Qd2 f3 13. gxf3 Na6 14. f4 Bf6 15. Rg1 Bd7 16. Qe3 Nc7 17. Qg3 0-0-0 18. e5 dxe5 19. fxe5 Nxd5 20. exf6 exf6 21. Kf1 Nb4 22. Be4 Be6 23. Rd1 Rde8 24. Qf3 Qc7 25. Qf4 Qb6 26. Rg3 Qa6 27. Qf3 Kb8 28. a3 Na2 29. Nd5 Bxd5 30. Bxd5 Nb4 31. axb4 cxb4 32. Qf4+ Kc8 33. Rc1+ 1-0